El autobus magico explora los sentidos / (Record no. 20801)

MARC details
000 -LEADER
fixed length control field 01190cam a2200301Ia 4500
001 - CONTROL NUMBER
control field 43575156
003 - CONTROL NUMBER IDENTIFIER
control field OCoLC
005 - DATE AND TIME OF LATEST TRANSACTION
control field 20180528170702.0
008 - FIXED-LENGTH DATA ELEMENTS--GENERAL INFORMATION
fixed length control field 000306s1999 nyua j 000 0 spa d
020 ## - INTERNATIONAL STANDARD BOOK NUMBER
International Standard Book Number 0439087805 (pbk.)
020 ## - INTERNATIONAL STANDARD BOOK NUMBER
International Standard Book Number 9780439087803 (pbk.)
040 ## - CATALOGING SOURCE
Original cataloging agency COB
Transcribing agency COB
Modifying agency OCLCQ
-- JAG
-- OCLCQ
-- CNL
-- CoBoFLC
041 ## - LANGUAGE CODE
Language code of text/sound track or separate title spa
Language code of original eng
100 1# - MAIN ENTRY--PERSONAL NAME
Personal name Cole, Joanna.
240 10 - UNIFORM TITLE
Uniform title <a href="Magic school bus explores the senses.">Magic school bus explores the senses.</a>
Language of a work Spanish.
245 13 - TITLE STATEMENT
Title El autobus magico explora los sentidos /
Statement of responsibility, etc. por Joanna Cole ; ilustrado por Bruce Degen ; traducio por Pedro Gonzalez Caver.
246 30 - VARYING FORM OF TITLE
Title proper/short title Explora los sentidos.
260 ## - PUBLICATION, DISTRIBUTION, ETC. (IMPRINT)
Place of publication, distribution, etc. New York :
Name of publisher, distributor, etc. Scholastic,
Date of publication, distribution, etc. c1999.
300 ## - PHYSICAL DESCRIPTION
Extent [43] p. :
Other physical details col. ill. ;
Dimensions 21 x 26 cm.
490 0# - SERIES STATEMENT
Series statement Autobus magico.
500 ## - GENERAL NOTE
General note Translation of: The magic school bus explores the senses.
520 ## - SUMMARY, ETC.
Summary, etc. Ms. Frizzle and her class explore the senses by traveling on the magic school bus in and out of an eye, ear, mouth, nose, and other parts of both human and animal bodies.
550 ## - ISSUING BODY NOTE
Issuing body note "Mariposa, Scholastic en espa©Þnol."
650 #1 - SUBJECT ADDED ENTRY--TOPICAL TERM
Topical term or geographic name as entry element Senses and sensation
Form subdivision Fiction.
655 #1 - INDEX TERM--GENRE/FORM
Genre/form data or focus term Spanish language materials.
700 1# - ADDED ENTRY--PERSONAL NAME
Personal name Degen, Bruce.
942 ## - ADDED ENTRY ELEMENTS (KOHA)
Koha item type Libro/Book
Holdings
Withdrawn status Lost status Damaged status Not for loan Home library Current library Date acquired Inventory number Total Checkouts Barcode Date last seen Price effective from Koha item type
        Capulin -- Satellite Capulin -- Satellite 14/05/2019 Inventory date: 7/7/25   35100345 14/05/2019 14/05/2019 Libro/Book

Powered by Koha